000 00847cab a2200241 4500
001 ABS55288
008 090401t1996 xxu||||| |||| 00| 0 eng d
035 _a(Sirsi) u15476
041 _aeng
245 _a`Romalpa` clauses
260 _c1996
350 _a0
490 _aEstates Gazette
_v(9623) 8 June 1996, 120-124(3)
520 _aA `mainly for students` article discussing how suppliers of building materials can protect themselves against the insolvency of their purchasers by the use of `Romalpa` clauses. Case law.
650 _aALUMINIUM INDUSTRIE VAASSEN BV V ROMALPA ALUMINIUM LTD
650 _aBUILT ENVIRONMENT-BUILDING MATERIALS
650 _aINSOLVENCY ACT 1986
650 _aMAINLY FOR STUDENTS
650 _aROMALPA CLAUSES
690 _aBUILT ENVIRONMENT-BUILDING MATERIALS
942 _n0
948 _c04/03/1997
999 _c10155
_d10155